| 000 | 00657cam a22002057i 4500 | ||
|---|---|---|---|
| 020 | _a9781133956105 | ||
| 020 | _a1133956106 | ||
| 040 | _cDLC | ||
| 082 | _a330 MOR 1961 A089 Or. | ||
| 100 | 1 | _aBoyes, William J. | |
| 245 | 1 | 0 | _aFUNDAMENTALS OF ECONOMICS / |
| 250 | _aSIXTH EDITION. | ||
| 300 |
_axxi, 440 pages : _billustrations ; _c28 cm |
||
| 500 | _aIncludes index. | ||
| 650 | 0 | _aEconomics. | |
| 856 | 4 | 2 | _uhttps://www.loc.gov/catdir/enhancements/fy1609/2012952326-b.html |
| 856 | 4 | 2 | _uhttps://www.loc.gov/catdir/enhancements/fy1609/2012952326-d.html |
| 856 | 4 | 1 | _uhttps://www.loc.gov/catdir/enhancements/fy1609/2012952326-t.html |
| 942 | _cEK | ||
| 999 |
_c16365 _d16365 |
||